000 00545nam a2200229Ia 4500
003 0100
008 130303s9999 xx 000 0 und d
020 _a0829812156
040 _cARRUPELIB
050 _aBT695.S35 1997
100 _aSchmitz-Moormann, Karl
245 _aTheology of creation in an evolutionary world
260 _aCleveland
260 _bThe Pilgrim Press
260 _C1997
300 _axiv
300 _b 205p. 25cm.
650 _aPSYCHOLOGY
650 _bAesthetics
700 _aSalmon, James F
942 0 0 _02
999 _c9732
_d9732